000 00649nam a2200193Ia 4500
008 151119s9999||||xx |||||||||||||| ||und||
082 _a320.954
082 _bGKKV5390
100 _aम्हणाने चंद्रशेखर
245 _aपंजाब रक्त आणि अश्रू
260 _a--
260 _b--
260 _c0
600 _aम्हणाने चंद्रशेखर
630 _aपंजाब रक्त आणि अश्रू
700 _aम्हणाने चंद्रशेखर
730 _aपंजाब रक्त आणि अश्रू
942 _cBOOK
999 _c1060436
_d1060433